000 00917cam a2200217 i 4500
005 20251201080718.0
008 250721s2014 jo gr 000 0 ara d
020 _a9789957507176
082 1 4 _a213.1
_bش ر م
100 1 _aالشرمان، خالد محمد محمود
_eمعد.
245 1 2 _aالحديث الموضوعي :
_b"دراسة تأصيلية تطبيقية" /
_cإعداد خالد محمد محمود الشرمان، إشراف الأستاذ الدكتور محمد العمري.
246 1 0 _aAL- Hadith AL-Mawduei (An Applied And Authenticated Study)
250 _aالطبعة الأولى.
264 3 1 _aعمان :
_bدار الفرقان للنشر والتوزيع،
_c2014.
300 _a352 صفحة.
650 1 7 _aالاسلام.
650 1 7 _aالحديث الشريف.
650 1 7 _aالحديث الموضوع.
942 _2ddc
_cBK
999 _c129452
_d129452